MARC

LEADER 00000nam0a2200000 4500
001 296333
005 20231102000909.0
035 |a (RuTPU)RU\TPU\book\321439 
090 |a 296333 
100 |a 20150529d1984 km y0rusy50 ca 
101 0 |a rus 
102 |a RU 
105 |a a z 001zy 
200 1 |a Вопросы управления состоянием горного массива  |e научные сообщения  |f Академия наук СССР (АН СССР), Институт горного дела им. А. А. Скочинского (ИГД) ; под ред. Ю. Ф. Пономаренко 
210 |a Москва  |c Изд-во Ин-та горного дела  |d 1984 
215 |a 135 с.  |c ил. 
225 1 |a Научные сообщения  |v Вып. 224 
320 |a Библиогр. в конце ст. 
606 1 |a Геомеханика глубинная  |2 stltpush  |3 (RuTPU)RU\TPU\subj\6195  |9 34132 
610 1 |a горные массивы 
610 1 |a состояние 
610 1 |a управление 
610 1 |a управление 
610 1 |a теория 
610 1 |a подземная добыча 
610 1 |a уголь 
610 1 |a горное давление 
610 1 |a моделирование 
610 1 |a взрывание 
610 1 |a электрические методы 
610 1 |a поверхностно-активные вещества 
675 |a 621.831  |v 3 
702 1 |a Пономаренко  |b Ю. Ф.  |4 340 
712 0 2 |a Академия наук СССР (АН СССР)  |b Институт горного дела им. А. А. Скочинского (ИГД)  |c (Люберцы)  |2 stltpush  |3 (RuTPU)RU\TPU\col\11351 
801 1 |a RU  |b 63413507  |c 20150529 
801 2 |a RU  |b 63413507  |c 20190327  |g RCR 
942 |c BK